000 00961nmm a2200277 a 4500
001 ocm000782302
003 TR-IsHL
005 20201028153212.0
008 140311s2011 tu eng
007 cr cn
035 _a782302
_b(N$T)
050 0 4 _aPL230
_b.C57 2011
090 0 4 _aPL230
_b.C57 2011
245 1 0 _aThe city mouse and the country mouse: La Fontaine's fables
_h[electronic resource] /
_ced. Zehra Pekşen ; res. Çağatay Korkmazer, Emine Korkmazer
260 _aİstanbul :
_bBirleşik Yayınları,
_c2011
300 _a16 p.
650 4 _aDil ve Edebiyat
650 4 _aLanguage and Literature
650 0 _aÇocuk edebiyatı
650 0 _aChildren literature
650 7 _aLITERARY CRITICISM / Children's Literature
_2bisacsh
700 1 _aPekşen, Zehra
700 1 _aKorkmazer, Çağatay
700 1 _aKorkmazer, Emine
856 4 0 _uhttp://search.ebscohost.com/login.aspx?direct=true&scope=site&db=e011xww&AN=782302
999 _c11924
_d11924